Fragile environment (Record no. 349271)

000 -LEADER
fixed length control field 00358cam a22001337a 4500
008 - FIXED-LENGTH DATA ELEMENTS--GENERAL INFORMATION
fixed length control field 180718b1991 xxu||||| |||| 00| 0 eng d
082 ## - DEWEY DECIMAL CLASSIFICATION NUMBER
Classification number O91x54 M725t
100 ## - MAIN ENTRY--PERSONAL NAME
Personal name Mohan, I.
245 ## - TITLE STATEMENT
Title Fragile environment
Statement of responsibility, etc. by I. Mohan
260 ## - PUBLICATION, DISTRIBUTION, ETC.
Place of publication, distribution, etc. Delhi
Name of publisher, distributor, etc. Ashish
Date of publication, distribution, etc. 1991
300 ## - PHYSICAL DESCRIPTION
Extent 377p.
440 ## - SERIES STATEMENT/ADDED ENTRY--TITLE
Title New world environment series, no.5
650 ## - SUBJECT ADDED ENTRY--TOPICAL TERM
Topical term or geographic name entry element Environment - India
Holdings
Withdrawn status Lost status Damaged status Not for loan Permanent Location Current Location Date acquired Full call number Barcode Date last seen Price effective from Koha item type
        Indian Institute of Public Administration Indian Institute of Public Administration 1993-10-29 O91x54 M725t 65651 2018-07-21 2018-07-21 Book

Powered by Koha